[Event "Team men PL"]
[Site "Sochi"]
[Date "2020.11.26"]
[Round "7.13"]
[White "Triapishko, Alexandr"]
[Black "Iljiushenok, Ilia"]
[Result "1/2-1/2"]
[BlackElo "2539"]
[WhiteElo "2506"]
[LiveChessVersion "1.4.8"]

1.Nf3 {[%clk 1:30:57]} Nf6 {[%clk 1:30:48]} 2.c4 {[%clk 1:31:10]}
g6 {[%clk 1:30:58]} 3.Nc3 {[%clk 1:31:31]} Bg7 {[%clk 1:31:14]}
4.e4 {[%clk 1:31:50]} d6 {[%clk 1:31:02]} 5.d4 {[%clk 1:32:11]}
O-O {[%clk 1:31:21]} 6.Be2 {[%clk 1:32:35]} e5 {[%clk 1:31:26]}
7.dxe5 {[%clk 1:32:52]} dxe5 {[%clk 1:31:47]} 8.Qxd8 {[%clk 1:33:15]}
Rxd8 {[%clk 1:32:15]} 9.Bg5 {[%clk 1:33:39]} Re8 {[%clk 1:32:30]}
10.Nd5 {[%clk 1:33:58]} Nxd5 {[%clk 1:32:45]} 11.cxd5 {[%clk 1:34:15]}
c6 {[%clk 1:33:07]} 12.Bc4 {[%clk 1:34:38]} cxd5 {[%clk 1:33:23]}
13.Bxd5 {[%clk 1:35:00]} Na6 {[%clk 1:29:49]} 14.O-O-O {[%clk 1:33:13]}
Nc7 {[%clk 1:28:21]} 15.Bb3 {[%clk 1:33:32]} a5 {[%clk 1:27:35]}
16.a3 {[%clk 1:31:04]} a4 {[%clk 1:24:25]} 17.Ba2 {[%clk 1:26:38]}
Be6 {[%clk 1:23:14]} 18.Kb1 {[%clk 1:19:57]} b5 {[%clk 1:18:35]}
19.Be3 {[%clk 1:07:47]} Rab8 {[%clk 1:05:27]} 20.Ng5 {[%clk 0:38:45]}
b4 {[%clk 0:46:15]} 21.Nxe6 {[%clk 0:25:24]} Nxe6 {[%clk 0:46:21]}
22.Bxe6 {[%clk 0:21:14]} fxe6 {[%clk 0:40:40]} 23.Bc5 {[%clk 0:15:46]}
b3 {[%clk 0:40:04]} 24.Be3 {[%clk 0:08:42]} Rbc8 {[%clk 0:33:03]}
25.Rc1 {[%clk 0:07:22]} h5 {[%clk 0:19:58]} 26.Bg5 {[%clk 0:04:19]}
Bf8 {[%clk 0:16:35]} 27.Rxc8 {[%clk 0:03:35]} Rxc8 {[%clk 0:17:04]}
28.Rc1 {[%clk 0:03:01]} Ra8 {[%clk 0:04:14]} 29.Rc4 {[%clk 0:03:07]}
Kf7 {[%clk 0:04:25]} 30.Kc1 {[%clk 0:02:54]} Bd6 {[%clk 0:04:35]}
31.Rc6 {[%clk 0:02:09]} Bf8 {[%clk 0:04:59]} 32.Rc4 {[%clk 0:02:03]}
Ke8 {[%clk 0:05:04]} 33.Kd1 {[%clk 0:00:51]} Kd7 {[%clk 0:05:11]}
34.Bd2 {[%clk 0:00:47]} Bd6 {[%clk 0:05:09]} 35.Ke2 {[%clk 0:00:36]}
Ra6 {[%clk 0:04:00]} 36.Kd3 {[%clk 0:00:38]} Ra8 {[%clk 0:03:20]}
37.f3 {[%clk 0:00:39]} Ra6 {[%clk 0:03:17]} 38.Bc3 {[%clk 0:00:44]}
Ra8 {[%clk 0:03:00]} 39.Ke3 {[%clk 0:00:33]} Ra6 {[%clk 0:01:56]}
40.Kd2 {[%clk 0:30:43]} Ra8 {[%clk 0:31:51]} 41.Kd3 {[%clk 0:20:21]}
Bc7 {[%clk 0:26:13]} 42.h3 {[%clk 0:13:32]} Ra6 {[%clk 0:25:31]}
43.Rc5 {[%clk 0:08:47]} Ra7 {[%clk 0:05:51]} 44.h4 {[%clk 0:03:34]}
Bd6 {[%clk 0:03:45]} 45.Rc4 {[%clk 0:02:48]} Bc7 {[%clk 0:02:43]}
46.Bb4 {[%clk 0:02:14]} Ra8 {[%clk 0:02:46]} 47.Bc5 {[%clk 0:01:48]}
Kc6 {[%clk 0:02:18]} 48.Bd4+ {[%clk 0:00:54]} Kb7 {[%clk 0:01:34]}
49.Bc3 {[%clk 0:01:04]} Rd8+ {[%clk 0:01:55]} 50.Ke2 {[%clk 0:01:25]}
Ra8 {[%clk 0:02:21]} 51.Bd2 {[%clk 0:00:40]} Bd6 {[%clk 0:01:36]}
52.Bb4 {[%clk 0:01:05]} Bc7 {[%clk 0:01:59]} 53.Bd2 {[%clk 0:00:33]}
Bd6 {[%clk 0:02:23]} 54.Be3 {[%clk 0:00:31]} Bc7 {[%clk 0:02:23]}
55.Rb4+ {[%clk 0:00:43]} Kc6 {[%clk 0:02:49]} 56.Kd3 {[%clk 0:00:48]}
Ra6 {[%clk 0:00:45]} 57.Kc4 {[%clk 0:00:47]} Ra5 {[%clk 0:00:52]}
58.Kc3 {[%clk 0:00:33]} Ra8 {[%clk 0:00:34]} 59.Rc4+ {[%clk 0:00:48]}
Kb7 {[%clk 0:00:45]} 60.Kb4 {[%clk 0:00:33]} Ra6 {[%clk 0:00:35]}
61.Kb5 {[%clk 0:00:32]} Ra5+ {[%clk 0:01:04]} 62.Kb4 {[%clk 0:00:56]}
Ra6 {[%clk 0:01:32]} 63.Bc5 {[%clk 0:00:34]} Kc6 {[%clk 0:01:58]}
64.Bf2+ {[%clk 0:00:33]} Kb7 1/2-1/2

[Event "Team men PL"]
[Site "Sochi"]
[Date "2020.11.26"]
[Round "7.14"]
[White "Bykov, Oleg"]
[Black "Kardashevskiy, Evgeny"]
[Result "1-0"]
[BlackElo "2436"]
[WhiteElo "2362"]
[LiveChessVersion "1.4.8"]

1.d4 {[%clk 1:30:53]} Nf6 {[%clk 1:30:48]} 2.c4 {[%clk 1:31:17]}
e6 {[%clk 1:31:00]} 3.g3 {[%clk 1:30:30]} d5 {[%clk 1:30:18]}
4.Bg2 {[%clk 1:30:53]} Be7 {[%clk 1:30:19]} 5.Nf3 {[%clk 1:31:17]}
O-O {[%clk 1:30:22]} 6.O-O {[%clk 1:31:42]} c6 {[%clk 1:30:25]}
7.Qc2 b6 {[%clk 1:29:50]} 8.Nbd2 {[%clk 1:31:34]} Bb7 {[%clk 1:29:52]}
9.e4 {[%clk 1:31:56]} Na6 {[%clk 1:29:23]} 10.a3 {[%clk 1:32:16]}
c5 {[%clk 1:28:06]} 11.exd5 {[%clk 1:32:36]} exd5 {[%clk 1:28:15]}
12.dxc5 {[%clk 1:32:57]} Nxc5 {[%clk 1:27:26]} 13.b4 {[%clk 1:33:20]}
Ne6 {[%clk 1:25:42]} 14.Bb2 {[%clk 1:27:25]} dxc4 {[%clk 1:21:41]}
15.Nxc4 {[%clk 1:26:11]} Rc8 {[%clk 1:15:14]} 16.Qe2 {[%clk 1:23:04]}
Rc7 {[%clk 1:07:12]} 17.Nce5 {[%clk 1:14:24]} Qa8 {[%clk 0:58:16]}
18.Rad1 {[%clk 0:57:07]} Be4 {[%clk 0:48:44]} 19.Rd2 {[%clk 0:54:46]}
Rd8 {[%clk 0:44:01]} 20.Rfd1 {[%clk 0:53:25]} Rxd2 {[%clk 0:43:40]}
21.Rxd2 {[%clk 0:53:51]} a5 {[%clk 0:39:08]} 22.b5 {[%clk 0:42:33]}
Bc5 {[%clk 0:37:44]} 23.Nc6 {[%clk 0:37:56]} Bxc6 {[%clk 0:29:58]}
24.bxc6 {[%clk 0:37:41]} Qxc6 {[%clk 0:27:32]} 25.Bxf6 {[%clk 0:33:43]}
gxf6 {[%clk 0:26:07]} 26.Nd4 {[%clk 0:30:07]} Qe8 {[%clk 0:25:17]}
27.Nf5 {[%clk 0:27:33]} Bxa3 {[%clk 0:20:45]} 28.h4 {[%clk 0:18:17]}
Bf8 {[%clk 0:20:06]} 29.Bd5 {[%clk 0:15:14]} a4 {[%clk 0:16:49]}
30.Kh2 {[%clk 0:10:06]} Rc5 {[%clk 0:14:36]} 31.Qh5 {[%clk 0:07:58]}
a3 {[%clk 0:11:46]} 32.Bxe6 {[%clk 0:06:25]} Re5 {[%clk 0:05:38]}
33.Bb3 {[%clk 0:03:54]} b5 {[%clk 0:04:53]} 34.Rd8 {[%clk 0:01:16]}
Rxf5 {[%clk 0:05:03]} 35.Qg4+ {[%clk 0:01:36]} Rg5 {[%clk 0:05:22]}
36.Qc8 {[%clk 0:01:46]} Qxd8 {[%clk 0:01:42]} 37.Qxd8 {[%clk 0:02:11]}
Rf5 {[%clk 0:02:02]} 38.Kg2 {[%clk 0:02:20]} Re5 {[%clk 0:01:47]}
39.Qxf6 {[%clk 0:02:34]} Re7 {[%clk 0:02:12]} 40.Qg5+ {[%clk 0:32:46]}
Kh8 {[%clk 0:32:33]} 41.Qxb5 {[%clk 0:33:02]} 1-0

[Event "Team men PL"]
[Site "Sochi"]
[Date "2020.11.26"]
[Round "7.15"]
[White "Musalov, Ruslan"]
[Black "Nozdrachev, Leonid"]
[Result "1-0"]
[BlackElo "2391"]
[WhiteElo "2348"]
[LiveChessVersion "1.4.8"]

1.e4 {[%clk 1:30:35]} c6 {[%clk 1:29:30]} 2.d4 {[%clk 1:30:36]}
d5 {[%clk 1:29:22]} 3.exd5 {[%clk 1:30:45]} cxd5 {[%clk 1:29:42]}
4.c4 {[%clk 1:30:55]} Nf6 {[%clk 1:29:25]} 5.Nc3 {[%clk 1:31:12]}
e6 {[%clk 1:28:55]} 6.Nf3 {[%clk 1:31:25]} Be7 {[%clk 1:29:11]}
7.cxd5 {[%clk 1:17:46]} Nxd5 {[%clk 1:29:13]} 8.Bc4 {[%clk 1:17:25]}
Nxc3 {[%clk 1:22:03]} 9.bxc3 {[%clk 1:17:38]} Qc7 {[%clk 1:22:04]}
10.Qd3 {[%clk 1:17:20]} Nc6 {[%clk 1:17:53]} 11.O-O {[%clk 1:17:04]}
O-O {[%clk 1:17:23]} 12.Qe4 {[%clk 1:10:50]} Nb4 {[%clk 1:02:44]}
13.Ne5 {[%clk 1:08:16]} Nd5 {[%clk 1:01:52]} 14.Bd2 {[%clk 1:01:48]}
Bf6 {[%clk 0:48:04]} 15.Bd3 {[%clk 0:53:29]} g6 {[%clk 0:48:21]}
16.c4 {[%clk 0:52:56]} Ne7 {[%clk 0:44:36]} 17.Bf4 {[%clk 0:44:29]}
Qd8 {[%clk 0:39:44]} 18.Rfd1 {[%clk 0:40:11]} Bg7 {[%clk 0:36:43]}
19.Rab1 {[%clk 0:38:34]} Nf5 {[%clk 0:32:30]} 20.Bf1 {[%clk 0:35:59]}
Qe7 {[%clk 0:27:00]} 21.c5 {[%clk 0:31:40]} Rd8 {[%clk 0:14:51]}
22.g4 {[%clk 0:26:54]} g5 {[%clk 0:12:31]} 23.gxf5 {[%clk 0:15:36]}
exf5 {[%clk 0:11:18]} 24.Bxg5 {[%clk 0:12:30]} Qxg5+ {[%clk 0:11:20]}
25.Qg2 {[%clk 0:12:57]} h6 {[%clk 0:06:19]} 26.Qxg5 {[%clk 0:11:20]}
hxg5 {[%clk 0:06:46]} 27.Bg2 {[%clk 0:11:39]} Bxe5 {[%clk 0:02:41]}
28.dxe5 {[%clk 0:12:04]} Rxd1+ {[%clk 0:02:52]} 29.Rxd1 {[%clk 0:12:31]}
Kf8 {[%clk 0:03:00]} 30.Rd8+ {[%clk 0:05:39]} Ke7 {[%clk 0:03:29]}
31.Rg8 {[%clk 0:05:57]} Ke6 {[%clk 0:03:24]} 32.c6 {[%clk 0:06:07]}
bxc6 {[%clk 0:00:40]} 33.Bxc6 {[%clk 0:06:30]} Bb7 {[%clk 0:00:54]}
34.Rxa8 {[%clk 0:06:50]} Bxc6 {[%clk 0:00:56]} 35.Rxa7 {[%clk 0:07:14]}
Bd5 {[%clk 0:00:33]} 36.f4 {[%clk 0:07:19]} gxf4 {[%clk 0:00:38]}
37.a4 {[%clk 0:07:27]} Bb3 {[%clk 0:00:34]} 38.a5 {[%clk 0:07:49]}
Kxe5 {[%clk 0:00:49]} 39.a6 {[%clk 0:08:01]} Kd6 {[%clk 0:00:41]}
40.Rb7 {[%clk 0:38:17]} Bd5 {[%clk 0:30:59]} 41.Rb8 {[%clk 0:38:45]} 1-0

[Event "Team men PL"]
[Site "Sochi"]
[Date "2020.11.26"]
[Round "7.16"]
[White "Smirnov, Timofey"]
[Black "Truskavetsky, Alexandr"]
[Result "1/2-1/2"]
[BlackElo "2399"]
[WhiteElo "2394"]
[LiveChessVersion "1.4.8"]

1.e4 {[%clk 1:30:56]} c5 {[%clk 1:30:22]} 2.Nf3 {[%clk 1:31:17]}
Nc6 {[%clk 1:30:19]} 3.d4 {[%clk 1:31:26]} cxd4 {[%clk 1:30:28]}
4.Nxd4 {[%clk 1:31:49]} Nf6 {[%clk 1:30:42]} 5.Nc3 {[%clk 1:32:09]}
e5 {[%clk 1:30:58]} 6.Ndb5 {[%clk 1:32:29]} d6 {[%clk 1:31:20]}
7.Bg5 {[%clk 1:32:22]} a6 {[%clk 1:31:33]} 8.Na3 {[%clk 1:32:47]}
b5 {[%clk 1:31:13]} 9.Nd5 {[%clk 1:32:20]} Be7 {[%clk 1:30:47]}
10.Bxf6 {[%clk 1:32:37]} Bxf6 {[%clk 1:31:11]} 11.c4 {[%clk 1:32:39]}
O-O {[%clk 1:26:02]} 12.Be2 {[%clk 1:26:22]} Rb8 {[%clk 1:06:59]}
13.cxb5 {[%clk 1:20:35]} axb5 {[%clk 1:02:49]} 14.Nc2 {[%clk 1:15:23]}
Bg5 {[%clk 0:54:32]} 15.O-O {[%clk 1:10:33]} f5 {[%clk 0:53:27]}
16.Bf3 {[%clk 1:09:16]} Kh8 {[%clk 0:49:08]} 17.Qd3 {[%clk 0:59:53]}
b4 {[%clk 0:46:58]} 18.Rfd1 {[%clk 0:56:27]} Qa5 {[%clk 0:40:35]}
19.Nde3 {[%clk 0:44:39]} Bxe3 {[%clk 0:33:09]} 20.Qxe3 {[%clk 0:37:34]}
f4 {[%clk 0:31:01]} 21.Qe1 {[%clk 0:29:22]} Qd8 {[%clk 0:22:59]}
22.Rd3 {[%clk 0:23:44]} Ba6 {[%clk 0:18:52]} 23.Rd2 {[%clk 0:23:47]}
Rf6 {[%clk 0:17:03]} 24.a3 {[%clk 0:21:27]} b3 {[%clk 0:11:15]}
25.Nb4 {[%clk 0:21:49]} Nxb4 {[%clk 0:11:37]} 26.axb4 {[%clk 0:22:17]}
Bc4 {[%clk 0:11:53]} 27.Be2 {[%clk 0:19:22]} Bxe2 {[%clk 0:10:44]}
28.Qxe2 {[%clk 0:18:10]} f3 {[%clk 0:10:57]} 29.Qd3 {[%clk 0:16:32]}
Qd7 {[%clk 0:06:15]} 30.g3 {[%clk 0:14:02]} h5 {[%clk 0:06:23]}
31.h4 {[%clk 0:12:23]} Kh7 {[%clk 0:04:47]} 32.Kh2 {[%clk 0:12:44]}
Rxb4 {[%clk 0:04:43]} 33.Re1 {[%clk 0:10:43]} Qc6 {[%clk 0:02:26]}
34.Qe3 {[%clk 0:08:32]} Qc8 {[%clk 0:00:37]} 35.Rd3 {[%clk 0:08:51]}
Qg4 {[%clk 0:00:39]} 36.Rxb3 {[%clk 0:08:26]} Rd4 {[%clk 0:00:46]}
37.Rd3 {[%clk 0:07:21]} Rb4 {[%clk 0:00:57]} 38.Rb3 {[%clk 0:07:37]}
Rd4 {[%clk 0:01:01]} 39.Rd3 {[%clk 0:07:49]} Rb4 {[%clk 0:01:00]}
40.Rb3 1/2-1/2

[Event "Team men PL"]
[Site "Sochi"]
[Date "2020.11.26"]
[Round "7.17"]
[White "Alexeev, Alexey"]
[Black "Tsoi, Dmitry"]
[Result "1/2-1/2"]
[BlackElo "2315"]
[WhiteElo "2246"]
[LiveChessVersion "1.4.8"]

1.d4 {[%clk 1:30:56]} d5 {[%clk 1:30:40]} 2.c4 {[%clk 1:31:13]}
e6 {[%clk 1:30:56]} 3.Nc3 {[%clk 1:31:23]} c6 {[%clk 1:31:07]}
4.Nf3 {[%clk 1:30:20]} f5 {[%clk 1:31:32]} 5.Bg5 {[%clk 1:28:50]}
Nf6 {[%clk 1:31:31]} 6.e3 {[%clk 1:28:58]} Bd6 {[%clk 1:31:57]}
7.Be2 {[%clk 1:28:00]} O-O {[%clk 1:32:15]} 8.Bh4 {[%clk 1:26:29]}
Qe8 {[%clk 1:29:01]} 9.Bg3 {[%clk 1:26:34]} Qe7 {[%clk 1:27:53]}
10.Bxd6 {[%clk 1:17:46]} Qxd6 {[%clk 1:28:09]} 11.Ne5 {[%clk 1:15:15]}
Nbd7 {[%clk 1:21:29]} 12.f4 {[%clk 1:11:55]} Qe7 {[%clk 1:21:24]}
13.O-O {[%clk 1:02:12]} Nxe5 {[%clk 1:21:34]} 14.fxe5 {[%clk 1:01:26]}
Ne8 {[%clk 1:21:36]} 15.Qd2 {[%clk 0:56:51]} g5 {[%clk 1:21:47]}
16.Rab1 {[%clk 0:56:16]} Bd7 {[%clk 1:20:42]} 17.b4 {[%clk 0:54:08]}
a6 {[%clk 1:19:39]} 18.a4 {[%clk 0:53:46]} Nc7 {[%clk 1:17:26]}
19.c5 {[%clk 0:50:14]} Ne8 {[%clk 1:01:37]} 20.b5 {[%clk 0:43:57]}
axb5 {[%clk 1:02:02]} 21.axb5 {[%clk 0:44:22]} Ng7 {[%clk 1:02:16]}
22.bxc6 {[%clk 0:43:03]} bxc6 {[%clk 1:01:23]} 23.Rb7 {[%clk 0:42:54]}
Ra3 {[%clk 1:01:01]} 24.Qb2 {[%clk 0:35:58]} Rfa8 {[%clk 1:00:17]}
25.Rb8+ {[%clk 0:34:58]} Rxb8 {[%clk 0:58:12]} 26.Qxb8+ {[%clk 0:33:14]}
Be8 {[%clk 0:56:57]} 27.Qb4 {[%clk 0:28:08]} Qa7 {[%clk 0:57:16]}
28.Rb1 {[%clk 0:27:46]} h6 {[%clk 0:56:40]} 29.Kf2 {[%clk 0:21:59]}
Kh7 {[%clk 0:56:05]} 30.Rb3 {[%clk 0:20:48]} Rxb3 {[%clk 0:56:13]}
31.Qxb3 {[%clk 0:21:12]} Qa1 {[%clk 0:56:39]} 32.Bd3 {[%clk 0:18:10]}
h5 {[%clk 0:52:18]} 33.Nb1 {[%clk 0:16:17]} Qa7 {[%clk 0:51:47]}
34.Qa3 {[%clk 0:12:24]} Qb7 {[%clk 0:52:09]} 35.g3 {[%clk 0:11:56]}
h4 {[%clk 0:51:32]} 36.Nd2 {[%clk 0:11:27]} Bh5 {[%clk 0:42:13]}
37.gxh4 {[%clk 0:05:15]} g4 {[%clk 0:38:43]} 38.Nf1 {[%clk 0:04:36]}
Qe7 {[%clk 0:38:59]} 39.Ng3 {[%clk 0:04:51]} Qxh4 {[%clk 0:39:19]}
40.Kg1 {[%clk 0:35:10]} Be8 {[%clk 1:08:58]} 41.Qb2 {[%clk 0:27:28]}
Qd8 {[%clk 1:07:04]} 42.Qf2 {[%clk 0:24:40]} Qa5 {[%clk 1:05:57]}
43.Ne2 {[%clk 0:18:49]} Qd2 {[%clk 1:05:18]} 44.Nf4 {[%clk 0:18:24]}
Qc1+ {[%clk 1:05:44]} 45.Kg2 {[%clk 0:18:21]} Kg8 {[%clk 1:05:54]}
46.Kg3 {[%clk 0:14:44]} Bf7 {[%clk 1:04:36]} 47.Ba6 {[%clk 0:13:34]}
Qb1 {[%clk 1:01:27]} 48.Bf1 {[%clk 0:12:27]} Kf8 {[%clk 1:00:46]}
49.h3 {[%clk 0:12:31]} gxh3 {[%clk 0:59:52]} 50.Kxh3 {[%clk 0:12:45]}
Ne8 {[%clk 0:52:42]} 51.Kg3 {[%clk 0:11:22]} Nc7 {[%clk 0:51:41]}
52.Bd3 {[%clk 0:10:39]} Qc1 {[%clk 0:51:54]} 53.Kf3 {[%clk 0:08:15]}
Bh5+ {[%clk 0:45:12]} 54.Nxh5 {[%clk 0:06:28]} Qh1+ {[%clk 0:45:35]}
55.Ke2 {[%clk 0:04:58]} Qxh5+ {[%clk 0:45:59]} 56.Kd2 {[%clk 0:05:17]}
Ke7 {[%clk 0:45:08]} 57.Qg1 {[%clk 0:05:23]} Qh7 {[%clk 0:44:40]}
58.Qg5+ {[%clk 0:04:57]} Kd7 {[%clk 0:44:58]} 59.Be2 {[%clk 0:05:08]}
Kc8 {[%clk 0:42:17]} 60.Bh5 {[%clk 0:04:11]} Kb7 {[%clk 0:42:15]}
61.Qg6 {[%clk 0:04:09]} Qh8 {[%clk 0:42:35]} 62.Qf7 {[%clk 0:04:17]}
Qa8 {[%clk 0:41:43]} 63.Ke1 {[%clk 0:04:28]} Qa1+ {[%clk 0:41:18]}
64.Kf2 {[%clk 0:04:23]} Qh1 {[%clk 0:41:39]} 65.Be2 {[%clk 0:04:17]}
Qh4+ {[%clk 0:41:21]} 66.Kf3 {[%clk 0:04:14]} Qe1 {[%clk 0:40:44]}
67.Qd7 {[%clk 0:04:16]} Qa1 {[%clk 0:40:02]} 68.Bd3 {[%clk 0:03:47]}
Qh1+ {[%clk 0:39:41]} 69.Kf2 {[%clk 0:03:33]} Qh2+ {[%clk 0:39:12]}
70.Kf3 {[%clk 0:03:43]} Qa2 {[%clk 0:39:36]} 71.Be2 {[%clk 0:03:31]}
Qa3 {[%clk 0:38:04]} 72.Bf1 {[%clk 0:03:33]} Qa1 {[%clk 0:34:31]}
73.Be2 {[%clk 0:03:55]} Qh1+ {[%clk 0:33:11]} 74.Kf2 {[%clk 0:04:18]}
Qh4+ {[%clk 0:32:47]} 75.Kf3 {[%clk 0:04:01]} Qh1+ {[%clk 0:33:04]} 1/2-1/2

[Event "Team men PL"]
[Site "Sochi"]
[Date "2020.11.26"]
[Round "7.18"]
[White "Ter-Saakian, Grigorii"]
[Black "Linker, Mikhail"]
[Result "0-1"]
[BlackElo "2269"]
[WhiteElo "2296"]
[LiveChessVersion "1.4.8"]

1.Nf3 {[%clk 1:30:35]} Nf6 {[%clk 1:30:42]} 2.c4 {[%clk 1:30:51]}
e6 {[%clk 1:30:06]} 3.Nc3 {[%clk 1:26:46]} d5 {[%clk 1:27:03]}
4.e3 {[%clk 1:26:23]} Be7 {[%clk 1:24:42]} 5.b3 {[%clk 1:26:44]}
O-O {[%clk 1:23:50]} 6.Bb2 {[%clk 1:27:09]} b6 {[%clk 1:23:12]}
7.Be2 {[%clk 1:27:18]} Bb7 {[%clk 1:23:31]} 8.O-O {[%clk 1:27:40]}
c5 {[%clk 1:22:50]} 9.d4 {[%clk 1:27:36]} Nbd7 {[%clk 1:22:10]}
10.Ne5 {[%clk 1:21:32]} dxc4 {[%clk 1:14:24]} 11.bxc4 {[%clk 1:21:02]}
cxd4 {[%clk 1:14:08]} 12.exd4 {[%clk 1:21:30]} Nxe5 {[%clk 1:14:06]}
13.dxe5 {[%clk 1:21:52]} Ne4 {[%clk 1:14:27]} 14.Qc2 {[%clk 1:12:20]}
Nxc3 {[%clk 1:09:04]} 15.Qxc3 {[%clk 1:11:36]} Bc5 {[%clk 1:08:21]}
16.Rad1 {[%clk 1:06:38]} Qg5 {[%clk 1:03:36]} 17.Qg3 {[%clk 1:06:58]}
Qxg3 {[%clk 1:03:20]} 18.hxg3 {[%clk 1:07:21]} Rfd8 {[%clk 1:03:34]}
19.Rxd8+ {[%clk 1:06:01]} Rxd8 {[%clk 1:04:02]} 20.Rd1 {[%clk 1:06:19]}
Rxd1+ {[%clk 1:04:20]} 21.Bxd1 {[%clk 1:06:47]} Kf8 {[%clk 1:00:53]}
22.Kf1 {[%clk 1:05:33]} Ke7 {[%clk 1:00:23]} 23.f3 {[%clk 1:05:31]}
h5 {[%clk 0:52:46]} 24.Bc2 {[%clk 1:02:36]} Kd8 {[%clk 0:48:43]}
25.Ke2 {[%clk 1:02:49]} Kc7 {[%clk 0:48:20]} 26.Bd3 {[%clk 1:02:11]}
Bc6 {[%clk 0:47:05]} 27.Bc3 {[%clk 1:00:50]} g6 {[%clk 0:39:52]}
28.Bb2 {[%clk 0:59:03]} Kb7 {[%clk 0:34:23]} 29.Bc3 {[%clk 0:59:23]}
Ka6 {[%clk 0:32:02]} 30.Ke1 {[%clk 0:57:53]} Kb7 {[%clk 0:32:09]}
31.Ke2 {[%clk 0:58:17]} a6 {[%clk 0:31:18]} 32.Bb2 {[%clk 0:57:46]}
b5 {[%clk 0:30:22]} 33.cxb5 {[%clk 0:58:10]} axb5 {[%clk 0:30:27]}
34.Bc2 {[%clk 0:54:57]} Ka6 {[%clk 0:26:52]} 35.Bc3 {[%clk 0:53:44]}
Kb7 {[%clk 0:20:27]} 36.Bd3 {[%clk 0:52:22]} Kb6 {[%clk 0:20:40]}
37.Bb2 {[%clk 0:47:29]} Bd5 {[%clk 0:18:30]} 38.Bb1 {[%clk 0:46:20]}
Bc4+ {[%clk 0:16:36]} 39.Ke1 {[%clk 0:46:43]} b4 {[%clk 0:15:55]}
40.Ba1 {[%clk 1:16:48]} Ka5 {[%clk 0:41:24]} 41.Bb2 {[%clk 1:15:36]}
Kb5 {[%clk 0:41:45]} 42.Ba1 {[%clk 1:15:40]} Be3 {[%clk 0:40:32]}
43.Bb2 {[%clk 1:15:50]} Kc5 {[%clk 0:39:32]} 44.a3 {[%clk 1:13:20]}
b3 {[%clk 0:38:52]} 45.Be4 {[%clk 1:12:59]} Bd4 {[%clk 0:36:32]}
46.Bxd4+ {[%clk 1:13:14]} Kxd4 {[%clk 0:37:00]} 47.Kd2 {[%clk 1:13:38]}
Bf1 {[%clk 0:36:00]} 48.a4 {[%clk 1:13:36]} Bxg2 {[%clk 0:36:09]}
49.a5 {[%clk 1:13:02]} Bf1 {[%clk 0:36:19]} 50.Kc1 {[%clk 1:13:30]}
Kc3 {[%clk 0:36:11]} 51.f4 {[%clk 1:13:55]} Bc4 {[%clk 0:36:08]}
52.Kb1 {[%clk 1:13:51]} b2 {[%clk 0:36:25]} 0-1

[Event "Team men PL"]
[Site "Sochi"]
[Date "2020.11.26"]
[Round "7.19"]
[White "Najer, Evgeniy"]
[Black "Dubov, Daniil"]
[Result "1/2-1/2"]
[BlackElo "2699"]
[WhiteElo "2648"]
[LiveChessVersion "1.4.8"]

1.e4 {[%clk 1:30:57]} e5 {[%clk 1:24:37]} 2.Nf3 {[%clk 1:31:10]}
Nc6 {[%clk 1:24:56]} 3.Bb5 {[%clk 1:28:00]} a6 {[%clk 1:24:47]}
4.Ba4 {[%clk 1:28:23]} Nf6 {[%clk 1:25:10]} 5.O-O {[%clk 1:28:50]}
b5 {[%clk 1:25:26]} 6.Bb3 {[%clk 1:29:12]} Bc5 {[%clk 1:25:50]}
7.d3 {[%clk 1:27:02]} h6 {[%clk 1:23:23]} 8.Nc3 {[%clk 1:25:04]}
d6 {[%clk 1:20:12]} 9.Nd5 {[%clk 1:21:32]} Na5 {[%clk 1:10:21]}
10.Be3 {[%clk 1:15:11]} Nxb3 {[%clk 1:06:21]} 11.axb3 {[%clk 1:14:33]}
Nxd5 {[%clk 1:05:23]} 12.Bxc5 {[%clk 1:07:52]} Ne7 {[%clk 1:03:25]}
13.Be3 {[%clk 1:08:03]} f5 {[%clk 0:51:10]} 14.d4 {[%clk 0:59:18]}
fxe4 {[%clk 0:47:15]} 15.Nd2 {[%clk 0:58:53]} exd4 {[%clk 0:45:56]}
16.Bxd4 {[%clk 0:59:15]} O-O {[%clk 0:44:49]} 17.Nxe4 {[%clk 0:59:36]}
Nf5 {[%clk 0:41:55]} 18.Bc3 {[%clk 0:55:21]} d5 {[%clk 0:34:32]}
19.Ng3 {[%clk 0:46:10]} d4 {[%clk 0:32:09]} 20.Bb4 {[%clk 0:41:46]}
Nxg3 {[%clk 0:31:25]} 21.fxg3 {[%clk 0:31:25]} Rxf1+ {[%clk 0:30:50]}
22.Qxf1 {[%clk 0:31:51]} Qd5 {[%clk 0:25:50]} 23.Qf8+ {[%clk 0:22:58]}
Kh7 {[%clk 0:26:12]} 24.Qc5 {[%clk 0:23:16]} Qxc5 {[%clk 0:26:15]}
25.Bxc5 {[%clk 0:23:41]} Bf5 {[%clk 0:26:38]} 26.Bxd4 {[%clk 0:23:11]}
Bxc2 {[%clk 0:26:49]} 27.b4 {[%clk 0:20:35]} Rd8 {[%clk 0:26:08]}
28.Bc3 {[%clk 0:19:36]} Rd1+ {[%clk 0:26:17]} 29.Rxd1 {[%clk 0:20:00]}
Bxd1 {[%clk 0:26:44]} 30.Kf2 {[%clk 0:20:13]} Bb3 {[%clk 0:27:04]}
31.g4 {[%clk 0:20:33]} Bd5 {[%clk 0:27:28]} 32.Bd4 {[%clk 0:20:20]}
Kg6 {[%clk 0:27:52]} 33.g3 {[%clk 0:19:54]} Kf7 {[%clk 0:28:15]}
34.Ke3 {[%clk 0:20:14]} Bg2 {[%clk 0:28:37]} 35.Be5 {[%clk 0:19:02]}
c6 {[%clk 0:28:57]} 36.h4 {[%clk 0:19:21]} Bh3 {[%clk 0:29:20]}
37.Kd4 {[%clk 0:16:18]} Bxg4 {[%clk 0:29:40]} 38.Kc5 {[%clk 0:16:47]}
Bf3 {[%clk 0:30:03]} 39.Kb6 {[%clk 0:17:11]} h5 {[%clk 0:30:28]}
40.Kxa6 {[%clk 0:47:24]} g6 {[%clk 1:00:56]} 41.Kb6 {[%clk 0:47:34]} 1/2-1/2

[Event "Team men PL"]
[Site "Sochi"]
[Date "2020.11.26"]
[Round "7.20"]
[White "Riazantsev, Alexander"]
[Black "Malakhov, Vladimir"]
[Result "1/2-1/2"]
[BlackElo "2676"]
[WhiteElo "2628"]
[LiveChessVersion "1.4.8"]

1.e4 {[%clk 1:30:57]} e5 {[%clk 1:30:38]} 2.Nf3 {[%clk 1:31:17]}
Nc6 {[%clk 1:31:02]} 3.d4 {[%clk 1:31:34]} exd4 {[%clk 1:31:16]}
4.Nxd4 {[%clk 1:31:49]} Bc5 {[%clk 1:29:49]} 5.Nb3 {[%clk 1:30:54]}
Bb6 {[%clk 1:29:52]} 6.Nc3 {[%clk 1:30:32]} Nf6 {[%clk 1:27:40]}
7.Qe2 {[%clk 1:29:54]} a5 {[%clk 1:20:30]} 8.a4 {[%clk 1:29:03]}
O-O {[%clk 1:14:27]} 9.Bg5 {[%clk 1:27:36]} h6 {[%clk 1:10:43]}
10.Bh4 {[%clk 1:25:49]} Nd4 {[%clk 1:11:08]} 11.Qd3 {[%clk 1:25:01]}
Nxb3 {[%clk 1:11:14]} 12.cxb3 {[%clk 1:25:22]} c6 {[%clk 1:11:37]}
13.O-O-O {[%clk 1:23:43]} d5 {[%clk 1:09:23]} 14.Qc2 {[%clk 1:22:31]}
Qd6 {[%clk 0:56:08]} 15.Kb1 {[%clk 1:21:31]} d4 {[%clk 0:40:11]}
16.f3 {[%clk 1:20:52]} Nd7 {[%clk 0:35:13]} 17.Bc4 {[%clk 1:14:50]}
Nc5 {[%clk 0:21:18]} 18.Ne2 {[%clk 1:00:26]} Na6 {[%clk 0:21:35]}
19.Bg3 {[%clk 0:48:45]} Qf6 {[%clk 0:19:18]} 20.Nf4 {[%clk 0:22:44]}
Nb4 {[%clk 0:15:46]} 21.Qc1 {[%clk 0:22:49]} Bd7 {[%clk 0:13:55]}
22.Nh5 {[%clk 0:21:55]} Qg6 {[%clk 0:11:42]} 23.Nf4 {[%clk 0:22:24]}
Qf6 {[%clk 0:11:53]} 24.Nh5 {[%clk 0:22:53]} Qg6 {[%clk 0:12:04]}
25.Nf4 {[%clk 0:23:18]} Qf6 1/2-1/2